00771nam a2200241Ia 4500008004100000020001500041040001800056041000800074245006000082260004100142300002600183504003700209650003200246650003800278650003600316650002600352650003100378650001300409700002800422700003500450700002900485830001500514130821s1997 sp gr spa  a8448108353 aCo-BoUCMbspa00aspa00aDerecho InternacionalcAntonio Remiro Brotons...(et al) aMadrid (España)bMcGraw-Hillc1997 axlvii, 1269 páginas aIncluye bibliografía e indices04aCooperación internacional04aDerecho internacional humanitario04aDerecho internacional público04aDerecho internacional04aRelaciones internacionales04aTratados aDiez-Hochleiner, Javier aRemiro Brotons, Antoniod1945- aRiquelme Cortado, Rosa M aBB_J_DINTE